| Tag |
First Indicator |
Second Indicator |
Subfields |
| LEADER |
00000ntm a2200000Ia 4500 |
| 001 |
in00004201608 |
| 005 |
20200806085919.0 |
| 006 |
m g d |
| 007 |
cr bn |||a|bb| |
| 008 |
060118s1693 enk o 000 0 eng d |
| 035 |
|
|
|a (OCoLC)63041257
|
| 040 |
|
|
|a UMI
|c UMI
|d UMI
|
| 037 |
|
|
|a CL2105000001
|b ProQuest Information and Learning 300 N. Zeeb Rd., Ann Arbor, MI 48103-1553
|
| 043 |
|
|
|a e-uk---
|
| 090 |
|
|
|a HV5087.G7
|b .C6 1693
|
| 049 |
|
|
|a UMIA
|
| 245 |
0 |
0 |
|a Considerations upon the wine licenses account 1693. Aug. 5.
|
| 260 |
|
|
|c [1693]
|
| 300 |
|
|
|a 1 online resource (2 sheets ([3] pages).
|
| 336 |
|
|
|a text
|b txt
|2 rdacontent
|
| 337 |
|
|
|a computer
|b c
|2 rdamedia
|
| 338 |
|
|
|a online resource
|b cr
|2 rdacarrier
|
| 500 |
|
|
|a Docket title.
|
| 500 |
|
|
|a In manuscript.
|
| 500 |
|
|
|a Notes on recto of leaf 188 in different hand from main text.
|
| 500 |
|
|
|a Harleian manuscripts 7609 leaves 187-188.
|
| 500 |
|
|
|a Reproduction of original in the British Library.
|
| 533 |
|
|
|a Electronic reproduction.
|b Ann Arbor, Mich. :
|c UMI,
|d 1999-
|f (Early English books online)
|n Digital version of: (Early English books; Tract supplement ; C14:2[46])
|7 s1999 miun s
|
| 650 |
|
0 |
|a License system
|z Great Britain
|v Early works to 1800.
|
| 651 |
|
0 |
|a Great Britain
|x History
|y William and Mary, 1689-1702
|v Early works to 1800.
|
| 830 |
|
0 |
|a Early English books online.
|
| 856 |
4 |
0 |
|u http://proxy.library.tamu.edu/login?url=https://search.proquest.com/docview/2240878637
|z Connect to the full text of this electronic book
|t 0
|
| 994 |
|
|
|a 02
|b UMI
|
| 999 |
f |
f |
|s 5dd15b4a-fc8d-300c-b1c0-2a3667b000aa
|i c762401d-d545-32ac-ad51-a08267d1769d
|t 0
|
| 952 |
f |
f |
|a Texas A&M University
|b College Station
|c Electronic Resources
|d Available Online
|t 0
|e HV5087.G7 .C6 1693
|h Library of Congress classification
|
| 998 |
f |
f |
|a HV5087.G7 .C6 1693
|t 0
|l Available Online
|